| 000 | 02260cam a22003738i 4500 | ||
|---|---|---|---|
| 001 | 21418006 | ||
| 005 | 20231017114029.0 | ||
| 008 | 200119s2020 flu b 001 0 eng | ||
| 010 | _a 2019040756 | ||
| 020 | _a9780367205270 | ||
| 020 | _z9780429262050 | ||
| 040 |
_aLBSOR/DLC _beng _erda _cDLC |
||
| 042 | _apcc | ||
| 043 | _amm----- | ||
| 050 | 0 | 0 |
_aG 70 _b.4G46 2020 |
| 082 | 0 | 0 |
_a363.7/063 _223 |
| 100 | 1 |
_aGemitzi, Alexandra, _eauthor. |
|
| 245 | 1 | 0 |
_aAdvanced environmental monitoring with remote sensing time series data and R / _cauthored by Alexandra Gemitzi, Nikolaos Koutsias, and Venkat Lakshmi. |
| 260 |
_a Boca Raton, FL. : _bCRC Press, _c2020. |
||
| 300 |
_axi, 101p.: _bill.' col.; _c23 cm. |
||
| 504 | _aIncludes Biblio. Ref. and index. | ||
| 505 | 0 | _aEnvironmental application of medium to high resolution remotely sensed data -- Environmental applications of medium resolution remote sensing imaging -- Environmental applications of low resolution remotely sensed data -- Processing remotely sensed data. | |
| 520 | _a"Provides a step-by-step guide on how to use various publicly-available, remotely-sensed time series data sources for environmental monitoring and assessment. Readers will learn how extract valuable information on global changes from a 20-year collection of ready-to-use remotely-sensed data through the free, open GIS and statistical software R. The case studies are from the Mediterranean region- a designated hot spot regarding climate change effects. Each chapter is dedicated to specific remote sensing products chosen for their spatial resolution. The methods used are adapted from large-scale to smaller-scale problems for different land cover areas"-- | ||
| 650 | 0 |
_aEnvironmental monitoring _xRemote sensing. |
|
| 650 | 0 |
_aRemote sensing _xData processing. |
|
| 650 | 0 |
_aTime-series analysis _xData processing. |
|
| 650 | 0 | _aR (Computer program language) | |
| 650 | 0 |
_aEnvironmental monitoring _zMediterranean Region _xRemote sensing _vCase studies. |
|
| 700 | 1 |
_aKoutsias, Nikolaos, _eauthor. |
|
| 700 | 1 |
_aLakshmi, Venkataraman, _d1966- _eauthor. |
|
| 906 |
_a7 _bcbc _corignew _d1 _eecip _f20 _gy-gencatlg |
||
| 942 |
_2lcc _h G 70 .4G46 2020 _cBOOKS |
||
| 999 |
_c31889 _d31889 |
||